Guide to construction management documentation (Record no. 101939)
[ view plain ]
| 000 -LEADER | |
|---|---|
| fixed length control field | 01930cam a2200385 4500 |
| 001 - CONTROL NUMBER | |
| control field | J117078 |
| 008 - FIXED-LENGTH DATA ELEMENTS--GENERAL INFORMATION | |
| fixed length control field | 020311n2002 000 0 eng u |
| 035 ## - SYSTEM CONTROL NUMBER | |
| System control number | (Sirsi) u117078 |
| 050 ## - LIBRARY OF CONGRESS CALL NUMBER | |
| Classification number | 692.8 |
| 110 ## - MAIN ENTRY--CORPORATE NAME | |
| Corporate name or jurisdiction name as entry element | Joint Contracts Tribunal |
| 9 (RLIN) | 3664 |
| 240 ## - UNIFORM TITLE | |
| Uniform title | GN (CM) 02 |
| 245 ## - TITLE STATEMENT | |
| Title | Guide to construction management documentation |
| 260 ## - PUBLICATION, DISTRIBUTION, ETC. | |
| Place of publication, distribution, etc. | London |
| Name of publisher, distributor, etc. | RIBA |
| Date of publication, distribution, etc. | 2002 |
| 300 ## - PHYSICAL DESCRIPTION | |
| Extent | 32p. |
| Dimensions | 30cm |
| 350 ## - PRICE (NR) (BK AM CF MU VM SE) [OBSOLETE] | |
| Price | 13 |
| 490 ## - SERIES STATEMENT | |
| Series statement | JCT Construction Management Documentation |
| 490 ## - SERIES STATEMENT | |
| Series statement | JCT Standard Form of Construction Management Documentation 2002 Edition |
| 520 ## - SUMMARY, ETC. | |
| Summary, etc. | Provides guidance on the use of the 2002 edition of the "Standard form of construction management documentation": "Agreement (C/CM): client and construction manager"; "Trade contract (TC/C): for use with the JCT client and construction manager agreement"; "Fluctuations: fluctuation clauses for use with the Trade contract (TC/C); "TC/T: Parts 1 and 2. Part 1: Invitation to tender to a trade contractor. Part 2: Tender by a trade contractor"; "CWa/P&T: for use where a warranty is to be given by a trade contractor to a purchaser or tenant of a building project"; "TCWa/F: for use where a warranty is to be given by a trade contractor to a company providing finance (funder) for a building project". |
| 650 ## - SUBJECT ADDED ENTRY--TOPICAL TERM | |
| Topical term or geographic name entry element | CM02 |
| 650 ## - SUBJECT ADDED ENTRY--TOPICAL TERM | |
| Topical term or geographic name entry element | BUILT ENVIRONMENT-BUILDING CONTRACT FORMS |
| 650 ## - SUBJECT ADDED ENTRY--TOPICAL TERM | |
| Topical term or geographic name entry element | CONSTRUCTION MANAGEMENT |
| 9 (RLIN) | 6230 |
| 650 ## - SUBJECT ADDED ENTRY--TOPICAL TERM | |
| Topical term or geographic name entry element | CONSTRUCTION MANAGEMENT DOCUMENTATION |
| 650 ## - SUBJECT ADDED ENTRY--TOPICAL TERM | |
| Topical term or geographic name entry element | C/CM 2002 |
| 650 ## - SUBJECT ADDED ENTRY--TOPICAL TERM | |
| Topical term or geographic name entry element | FLUCTUATIONS |
| 650 ## - SUBJECT ADDED ENTRY--TOPICAL TERM | |
| Topical term or geographic name entry element | BUILT ENVIRONMENT-BUILDING CONTRACT FORMS-STANDARD FORMS OF BUILDING CONTRACT-JOINT CONTRACTS TRIBNUAL CONTRACTS |
| 650 ## - SUBJECT ADDED ENTRY--TOPICAL TERM | |
| Topical term or geographic name entry element | JCT STANDARD FORM OF CONSTRUCTION MANAGEMENT DOCUMENTATION |
| 650 ## - SUBJECT ADDED ENTRY--TOPICAL TERM | |
| Topical term or geographic name entry element | TC/C 2002 |
| 650 ## - SUBJECT ADDED ENTRY--TOPICAL TERM | |
| Topical term or geographic name entry element | TC/T |
| 650 ## - SUBJECT ADDED ENTRY--TOPICAL TERM | |
| Topical term or geographic name entry element | TC/T PART 1 |
| 650 ## - SUBJECT ADDED ENTRY--TOPICAL TERM | |
| Topical term or geographic name entry element | TC/T PART 2 |
| 650 ## - SUBJECT ADDED ENTRY--TOPICAL TERM | |
| Topical term or geographic name entry element | TCWA/P&T |
| 650 ## - SUBJECT ADDED ENTRY--TOPICAL TERM | |
| Topical term or geographic name entry element | TCWA/F |
| 690 ## - LOCAL SUBJECT ADDED ENTRY--TOPICAL TERM (OCLC, RLIN) | |
| Topical term or geographic name as entry element | BUILT ENVIRONMENT-BUILDING CONTRACT FORMS |
| 942 ## - ADDED ENTRY ELEMENTS (KOHA) | |
| Suppress in OPAC | 0 |
| Withdrawn status | Lost status | Source of classification or shelving scheme | Damaged status | Not for loan | Home library | Current library | Shelving location | Date acquired | Cost, normal purchase price | Total Checkouts | Full call number | Barcode | Date last seen | Copy number | Cost, replacement price | Price effective from | Koha item type | Date last checked out |
|---|---|---|---|---|---|---|---|---|---|---|---|---|---|---|---|---|---|---|
| Dewey Decimal Classification | London | London | Boxed set | 25/11/2002 | 13.00 | JCT 2002/7 | 30067989 | 06/08/2019 | 1 | 13.00 | 06/08/2019 | Reference material | ||||||
| Dewey Decimal Classification | London | London | Boxed set | 17/01/2003 | 13.50 | 13 | JCT 2002/7 | 30068114 | 06/08/2019 | 2 | 13.50 | 06/08/2019 | Book | 07/08/2009 |